| 000 | 00549nam a2200181 a 4500 | ||
|---|---|---|---|
| 005 | 20140412111240.0 | ||
| 008 | 010710s19uu xx 00 eng d | ||
| 020 | _a0-7214-9589-3 | ||
| 050 |
_aM 226 _bH28 1989 |
||
| 100 | _aHately, David | ||
| 245 |
_aThe prodigal son. / _cwritten by David Hately; illustrated by Helen Drabble. |
||
| 260 |
_aLeicestershire, UK : _bLadybird Books, _c1989. |
||
| 300 | _a1v. (unp.) ; ill. | ||
| 440 | _aStories Jesus Told | ||
| 650 |
_aBibel, N. T. Parables _xProdigal son |
||
| 999 |
_c102656 _d102656 |
||